| 000 | 00683nas a22002411i#4500 | ||
|---|---|---|---|
| 001 | 115 | ||
| 003 | ES-MaACL | ||
| 005 | 20250807062524.0 | ||
| 007 | t| | ||
| 008 | 950801d19241926sp m| | 1 ||pa d | ||
| 022 | _a0212-8004 | ||
| 080 | _a61 | ||
| 245 | 0 | 0 | _aAnales españoles de la Beneficencia Municipal. |
| 260 |
_aMadrid : _bAnales españoles de la Beneficencia Municipal, _c1924-1926. |
||
| 300 |
_a2 v. ; _c22 cm. |
||
| 310 | _aMensual | ||
| 362 | 0 | _aAño 1, n. 1 (en. 1924)-año 3, n. 36 (dic. 1926) | |
| 650 | 1 | 4 |
_aAsistencia social. Seguros. _910379 |
| 650 | 0 | 7 |
_aMedicina _2embne _914891 |
| 852 |
_aES-MaACL _jB-8928-29 |
||
| 866 | 0 | _o1924-25. | |
| 999 |
_c115 _d115 |
||